Catálogo

LA TENTACION DE LO IMPOSIBLE : (Registro nro. 58332)

Detalles MARC
000 -LEADER
fixed length control field 00912nam a2200205 a 4500
001 - CONTROL NUMBER
control field 58332
005 - DATE AND TIME OF LATEST TRANSACTION
control field 20180714054912.0
008 - FIXED-LENGTH DATA ELEMENTS--GENERAL INFORMATION
fixed length control field 140415s2005 mx 000 0 spa d
020 ## - INTERNATIONAL STANDARD BOOK NUMBER
International Standard Book Number 9707701153
041 ## - LANGUAGE CODE
Language code of text/sound track or separate title spa
082 ## - DEWEY DECIMAL CLASSIFICATION NUMBER
Classification number 840.94406
Item number VAR
100 1# - MAIN ENTRY--PERSONAL NAME
Personal name VARGAS LLOSA, MARIO
245 13 - TITLE STATEMENT
Title LA TENTACION DE LO IMPOSIBLE :
Remainder of title VICTOR HUGO Y LOS MISERABLES
250 ## - EDITION STATEMENT
Edition statement 1a ed.
260 ## - PUBLICATION, DISTRIBUTION, ETC.
Place of publication, distribution, etc. MEXICO :
Name of publisher, distributor, etc. SANTILLANA EDICIONES GENERALES, S.A. DE C.V.,
Date of publication, distribution, etc. 2005
300 ## - PHYSICAL DESCRIPTION
Extent 68
Dimensions 14 x 1.5 x 22.8
490 ## - SERIES STATEMENT
Series statement COLECCION LECTURA PARA TODOS
520 ## - SUMMARY, ETC.
Summary, etc. LA TENTACIÓN DE LO IMPOSIBLE NO ES UN LIBRO QUE TRATA SOBRE OTRO LIBRO. MARIO VARGAS LLOSA NO SE DEJA NUBLAR POR LAS PALABRAS Y DESVELA LAS CLAVES CON LAS QUE EL NARRADOR FRANCÉS DEJÓ CONSTANCIA DE SU CREACIÓN
650 14 - SUBJECT ADDED ENTRY--TOPICAL TERM
Topical term or geographic name entry element ESCRITORES FRANCESES
General subdivision CRITICA
-- HUGO, VICTOR
-- LITERATURA FRANCESA
-- HISTORIA Y CRITICA
-- LITERATURA FRANCESA
-- SIGLO XIX
Existencias
Withdrawn status Lost status Source of classification or shelving scheme Damaged status Not for loan Collection code Home library Current library Shelving location Date acquired Source of acquisition Inventory number Total Checkouts Full call number Barcode Date last seen Date last checked out Price effective from Koha item type
    Dewey Decimal Classification     General Biblioteca Karol Wojtyla Biblioteca Karol Wojtyla Sala general 03/12/2013 Compra 151000000000000000032876   840.94406 VAR 87924 05/01/2026 01/06/2018 03/12/2013 Libro